England's World Cup Quiz #2 - Statistics

General Stats
  • This quiz has been taken 23 times
  • The average score is 9 of 15
Answer Stats
Question Answer % Correct
Who did Harry Kane score a hat-trick against at the 2018 World Cup? Panama
90%
Who did Geoff Hurst score a hat-trick against at the 1966 World Cup? West Germany
90%
Which 3 teams were in England's group at the 2006 World Cup? Paraguay, Trinidad and Tobago, Sweden
80%
Who did Gary Lineker score a hat-trick against at the 1986 World Cup? Poland
80%
Which player has scored a World Cup goal? Sol Campbell
75%
Who was the England manager at the 1998 World Cup? Glenn Hoddle
70%
In a group stage match, who did England beat 1-0 at the 2002 World Cup? Argentina
65%
How many matches did England lose at the 1982 World Cup? 0
60%
Who captained England at the 1962 World Cup? Johnny Haynes
55%
What was the score in the 2006 World Cup group stage match Vs Sweden? 2-2
50%
Against which team did Wayne Rooney score his one and only World Cup goal? Uruguay 2014
50%
Which was the first European nation that England faced at the World Cup? Spain
35%
Who was England's No1 at 2006 World Cup? Paul Robinson
30%
Before the 2026 World Cup, how many knockout matches has England won in 90/120 minutes? *Columbia 4-3 penalty shootout goes down as neutral draw Hard question 😀 10
25%
Before the 2026 World Cup, how many penalty shoot-outs has England played? 4
25%
No matching quizzes found
Score Distribution
Percent of People with Each Score
Percentile by Number Answered
Your Score History
You have not taken this quiz